000 01018nam a2200301 i 4500
001 106684
003 ES-MaACL
005 20250808010512.0
007 t|
008 140915s2012 sp ||||1| spa d
020 _a978-84-940307-0-3
080 _a613
080 _a171
100 1 _aVelázquez de Castro González, Federico,
_d1949-
_9155482
245 1 0 _aVivir con sentido, vivir con salud /
_cFederico Velázquez de Castro González.
250 _a1ª ed.
260 _aGranada :
_bZumaya,
_cD.L. 2012.
300 _a118 p. ;
_c24 cm.
490 1 _aUnesco ;
_v3
504 _aBibliografía: p. [117]-118.
650 0 4 _aHábitos de salud
_913275
650 7 _aMoral práctica
_2embne
_911261
830 0 _aUnesco ;
_v3
_9232855
852 _aES-MaACL
_jA-13243
_9110737
_bR.150105
_cDEPO1
_dOlim: N-6243
_hDonación: Federico Velázquez de Castro González
903 _aVelázquez de Castro González, Federico,
_d1949-
_ednr
_9155482
942 _2udc
_cMONOGRAFIA
999 _c106684
_d106684